header

Hinduism as a missionary religion (Record no. 78659)

MARC details
000 -LEADER
fixed length control field 01178nam a2200313Ia 4500
100 1# - MAIN ENTRY--AUTHOR NAME
Personal name Sharma, Arvind.
245 10 - TITLE STATEMENT
Title Hinduism as a missionary religion
260 ## - PUBLICATION, DISTRIBUTION, ETC. (IMPRINT)
Place of publication Albany :
Name of publisher State University of New York Press,
Year of publication c2011.
300 ## - PHYSICAL DESCRIPTION
Number of Pages vii, 195 p.
650 #0 - SUBJECT ADDED ENTRY--TOPICAL TERM
Topical Term Hinduism
Topical Term Hinduism
856 40 - ELECTRONIC LOCATION AND ACCESS
Uniform Resource Identifier http://site.ebrary.com/lib/rucke/Doc?id=10573963

No items available.

© 2026 Rongo University
Contact us: librarian | system librarian | Rongo university